| 000 | 00340nam a22001217a 4500 | ||
|---|---|---|---|
| 020 | _a026220695 | ||
| 082 |
_222 _a005.1 |
||
| 100 | _aRoy, Peter Van and Haridi, Seif. | ||
| 245 | _aConcepts, techniques and models of computer programming / | ||
| 260 |
_aUSA, _bMit Press, _cc2004. |
||
| 300 |
_axxvii, 900p. ; _bill. ; _c24 cm. |
||
| 942 |
_2ddc _cIT |
||
| 999 |
_c1884 _d1884 |
||